000 00532nam a2200169 i 4500
001 77333
003 ES-MaACL
005 20230906173152.0
007 t|
008 041008s1972 sp ||||1| spa d
245 0 1 _a¿Hacia una misma fe eucarística? /
_cGrupo de Les Dombes ; [versión de Alejandro Esteban Laitor Ros].
260 _aBarcelona :
_bHerder,
_c[1972]
300 _a77 p. ;
_c20 cm.
700 1 _aLator Ros, Alejandro Esteban.
_970527
710 2 _aGrupo de Les Dombes.
_94517
852 _aES-MaACL
_jC-55510
_bR.88165
999 _c77333
_d77333